000 00998nam a2200265 i 4500
001 bg
100 1 _aDERDA, Włodzimierz
245 1 0 _aRafinacja ciekłych stopów typu Fe-Cr-Ni-X w warunkach bardzo niskich ciśnień cząstkowych tlenu w fazie gazowej /
_cWłodzimierz Derda.
260 _aCzęstochowa :
_bWydaw. WMiIM PC,
_c2000.
300 _a148 s. :
_bil. ;
_c24 cm.
490 1 _aPrace Naukowe Wydziału Metalurgii i Inżynierii Materiałowej / Politechnika Częstochowska. Metalurgia ;
_vnr 12
500 _aStreszcz. ang., ros.
504 _aBibliogr.
650 9 _aStopy (metalurg.)
_xchemia
650 9 _aStopy (metalurg.)
_xfizyka
650 9 _aRafinacja
830 0 _aPrace Naukowe Wydziału Metalurgii i Inżynierii Materiałowej (Politechnika Częstochowska).
_pMetalurgia ;
_vnr 12
020 _a8387745553
040 _cBPK
041 0 _apl
_benru
080 _a669.017/.018:544
920 _a83-87745-55-3
942 _cKS
008 s pl f |000 0 pol
999 _c39976
_d39976
856 _uhttp://koha.tu.koszalin.pl/cgi-bin/koha/opac-detail.pl?biblionumber=39976
_yKatalog online BPK